Introduction to positive economics (Record no. 5640)

000 -LEADER
fixed length control field 00453nam a22001817a 4500
001 - CONTROL NUMBER
control field 5640
003 - CONTROL NUMBER IDENTIFIER
control field BD-DhUET
008 - FIXED-LENGTH DATA ELEMENTS--GENERAL INFORMATION
fixed length control field 141127b xxu||||| |||| 00| 0 eng d
040 ## - CATALOGING SOURCE
Transcribing agency 0
Modifying agency BD-DhUET
082 ## - DEWEY DECIMAL CLASSIFICATION NUMBER
Classification number 330
Item number LIP/1971
100 ## - MAIN ENTRY--PERSONAL NAME
Personal name Lipsey, Richard G.
245 ## - TITLE STATEMENT
Title Introduction to positive economics
250 ## - EDITION STATEMENT
Edition statement 3rd ed.
260 ## - PUBLICATION, DISTRIBUTION, ETC. (IMPRINT)
Name of publisher, distributor, etc. English Language Book
Place of publication, distribution, etc. Hampshire
Date of publication, distribution, etc. 1971
300 ## - PHYSICAL DESCRIPTION
Extent xx, 740 p.
Other physical details ill.
Dimensions 26 cm.
650 #0 - SUBJECT ADDED ENTRY--TOPICAL TERM
Topical term or geographic name as entry element Economics
942 ## - ADDED ENTRY ELEMENTS (KOHA)
Koha item type General Book
Holdings
Shelving location Date acquired Koha normalized classification for sorting Copy number Koha date last seen Lost status Koha full call number Piece designation (barcode) Source of classification or shelving scheme Koha item type Koha collection Not for loan Withdrawn status Sublocation or collection (holding branch) Damaged status Price effective from Location (home branch)
Circulation section2014-11-27330LIP197112014-11-27 330/LIP/197123693 General Book   Central Library, BUET 2014-11-27Central Library, BUET
Circulation section2014-11-27330LIP197122014-11-27 330/LIP/197123702 General Book   Central Library, BUET 2014-11-27Central Library, BUET
Circulation section2015-01-27330_000000000000000_LIP_197132015-01-27 330/LIP/197123689 General Book   Central Library, BUET 2015-01-27Central Library, BUET
Circulation section2015-01-27330_000000000000000_LIP_197142015-01-27 330/LIP/197123684 General Book   Central Library, BUET 2015-01-27Central Library, BUET
Circulation section2015-01-27330_000000000000000_LIP_197152015-01-27 330/LIP/197123710 General Book   Central Library, BUET 2015-01-27Central Library, BUET
Circulation section2015-01-27330_000000000000000_LIP_197162015-01-27 330/LIP/197123713 General Book   Central Library, BUET 2015-01-27Central Library, BUET
Cataloging section2015-01-27330_000000000000000_LIP_197172015-01-27 330/LIP/197123690 General Book   Central Library, BUET 2015-01-27Central Library, BUET
Circulation section2015-01-27330_000000000000000_LIP_197182015-01-27 330/LIP/197123698 General Book   Central Library, BUET 2015-01-27Central Library, BUET
Circulation section2015-01-27330_000000000000000_LIP_197192015-01-27 330/LIP/197123685 General Book   Central Library, BUET 2015-01-27Central Library, BUET
Circulation section2015-01-27330_000000000000000_LIP_1971102015-01-27 330/LIP/197123712 General Book   Central Library, BUET 2015-01-27Central Library, BUET
Circulation section2015-01-28330_000000000000000_LIP_197142015-01-28 330/LIP/197123677 General BookNon Fiction  Central Library, BUET 2015-01-28Central Library, BUET
Circulation section2015-01-28330_000000000000000_LIP_1971302015-01-28 330/LIP/197123706 General BookNon Fiction  Central Library, BUET 2015-01-28Central Library, BUET
Circulation section2015-01-28330_000000000000000_LIP_1971292015-01-28 330/LIP/197123705 General BookNon Fiction  Central Library, BUET 2015-01-28Central Library, BUET
Circulation section2015-01-28330_000000000000000_LIP_1971162015-01-28 330/LIP/197123680 General BookNon Fiction  Central Library, BUET 2015-01-28Central Library, BUET
Circulation section2015-04-20330_000000000000000_LIP_1971152015-04-20 330/LIP/197123691 General Book   Central Library, BUET 2015-04-20Central Library, BUET